| 000 | 00893nam a2200253 a 4500 | ||
|---|---|---|---|
| 001 | 1433 | ||
| 003 | BR-CuiBMT | ||
| 005 | 20231209135132.0 | ||
| 008 | 231209s2006 alb 000 0 por d | ||
| 020 | _a9788570185181 | ||
| 040 |
_aBR-CuiBMT _cBR-CuiBMT |
||
| 080 |
_22007 _a7.046 _x(813.5) |
||
| 090 |
_a7.046(813.5) _bT312a |
||
| 100 | 1 |
_aTenório, Douglas Apratto, _d1945- |
|
| 245 | 1 | 0 |
_aArte sacra de Alagoas : _bum tesouro da memória / _cDouglas Apratto Tenório ; Leda Maria de Almeida ; Carmem Lúcia Dantas. |
| 260 |
_aBrasília : _bSenado Federal, _bConselho Editorial, _c2006. |
||
| 300 |
_a109 p. : _bil. color. ; _c28 cm |
||
| 490 | 1 |
_aEdições do Senado Federal ; _vv. 75 |
|
| 650 |
_aArte religiosa _zAlagoas |
||
| 700 | 1 | _aAlmeida, Leda Maria de | |
| 710 | 1 |
_a Dantas, Carmen Lúcia Tavares Almeida, _b1945- |
|
| 830 | 0 |
_aEdições do Senado Federal ; _v75 |
|
| 942 |
_2udc _cLV |
||
| 999 |
_c1433 _d1433 |
||